000
00281nam a2200121Ia 4500
008
191201s2012 xx 000 0 und d
100
_a
GUPTA,J B
245
0
_a
Basic Electrical Engineering
250
_a
Rep
260
_c
2012
_b
katson
_a
NEW DELHI
300
_a
635
942
_2
ddc
_c
BK
999
_c
8081
_d
8081